Statistiques concernant Tous les joueurs passés par l'OL: 2017-2020

Cliquez ici pour prendre le quiz!

Statistiques générales

  • Ce quiz a été pris 161 fois
  • Le résultat moyen est 17 sur 35

Statistiques - réponses

Premier matchJoueursNombre de matchs joués% Correct
Memphis Depay154
84%
2018Moussa Dembélé102
74%
Lucas Paqueta11
73%
Marcelo139
73%
Jason Denayer100
72%
Houssem Aouar149
69%
Léo Dubois74
69%
Maxence Caqueret25
69%
Bruno Guimaraes21
65%
Thiago Mendes48
62%
Bertrand Traoré126
61%
Karl Toko Ekambi30
61%
Rayan Cherki23
57%
Tanguy Ndombele96
57%
Tino Kadewere16
54%
Kenny Tete80
52%
2017Ferland Mendy79
48%
Mariano Diaz48
48%
Jeff Reine-Adelaïde23
46%
Fernando Marçal75
45%
Julian Pollersbeck0
45%
2019Joachim Andersen34
44%
Youssouf Koné16
44%
Amine Gouiri15
40%
Melvin Bard9
39%
Ciprian Tatarusanu6
38%
Martin Terrier81
36%
Sinaly Diomandé10
34%
Jean Lucas20
29%
Camilo0
20%
Mattia De Sciglio7
20%
Pape Cheick Diop25
20%
2020Djamel Benlamri2
19%
Cenk Ozkacar0
15%
Lenny Pintor2
15%

Distribution des résultats

Percentile par nombre de réponses

% des personnes avec chaque résultat

Votre développement - résultats

Vous n’avez pas pris ce quiz